| 000 | 00770nam2a22002411 4500 | ||
|---|---|---|---|
| 001 | RU\NLR\INFOCOMM5\1000319185 | ||
| 005 | 20250617134341.0 | ||
| 035 | _a(NLR Aleph) 002639526 | ||
| 090 |
_a3774075 _c3774075 |
||
| 100 | _a20040122d2001 |||y0rusy50 ca | ||
| 101 | 0 | _arus | |
| 102 | _aRU | ||
| 105 | _ay ||||||||| | ||
| 200 | 0 | _a2001, №1 | |
| 210 |
_d2001 _aБ. м. |
||
| 461 | 0 |
_1001RU\NLR\INFOCOMM5\1000319184 _12001#$aВизантия$eКульт.-просвет. журн.$v2001, №1 _93774062 _cСПб. _d2001 - _nВизантия _oКульт.-просвет. журн. _tВизантия _v2001, №1 |
|
| 801 | 1 |
_aRU _bInfoComm _c20040122 |
|
| 801 | 0 |
_aRU _bNLR _gPSBO |
|
| 852 |
_aNLR _jП38/204 |
||
| 942 | _cISSUE | ||
| 980 | _aNB | ||
| 980 | _aRUSPER | ||